000 00893nam a2200277 4500
001 32257
003 AR-RoBPED
005 20251110143717.0
008 251106s2014 es a|||gr|||| 001 0 spa d
020 _a9788496886407
040 _aAR-RoBPED
041 _aspa
100 1 _aDawson, Juno
_d1981-
_930491
245 _aEste libro es gay /
_cJuno Dawson; ilustraciones de Spike Gerrell y traducción de Antonio-Prometeo Moya
260 _aEspaña :
_bUrano,
_c2014.
300 _a280 p. ;
_bil.
650 4 _aIDENTIDAD DE GENERO
_920625
650 4 _aDIVERSIDAD
_916484
650 4 _aESTEREOTIPOS
_99185
650 4 _aDISCRIMINACION
_9776
650 4 _aEDUCACION SEXUAL INTEGRAL
_919404
700 _aGerrell, Spike
_930493
_eilust.
700 _aPrometeo Moya, Antonio
_930492
_etrad.
942 _2udc
_cBK
_h305
_mD 19
_ninv. 41899
_ak. 32257
945 _amm 06/11/2025 - cd 07/11/2025
999 _c32257
_d32257